Counter-Strike Tournament winners in 2024 - Statistics

General Stats
  • This quiz has been taken 11 times
  • The average score is 15 of 16
Answer Stats
Tournament MVP Winner % Correct
IEM Dallas 2024 m0NESY G2
100%
BLAST Premier Fall Final 2024 m0NESY G2
100%
BLAST Premier World Final 2024 m0NESY G2
100%
PGL CS2 Major Copenhagen 2024 jL Natus Vincere
100%
Esports World Cup 2024 b1t Natus Vincere
100%
ESL Pro League Season 20 jL Natus Vincere
100%
IEM Rio 2024 iM Natus Vincere
100%
IEM Katowice 2024 donk Spirit
100%
BetBoom Dacha Belgrade 2024 donk Spirit
100%
BLAST Premier Spring Final 2024 donk Spirit
100%
BetBoom Dacha Belgrade Season 2 donk Spirit
100%
Perfect World Shanghai Major 2024 donk Spirit
100%
IEM Cologne 2024 ZywOo Vitality
100%
IEM Chengdu 2024 broky FaZe
88%
YaLLa Compass 2024 910 The MongolZ
88%
ESL Pro League Season 19 ZywOo MOUZ
63%
No matching quizzes found
Score Distribution
Percent of People with Each Score
Percentile by Number Answered
Your Score History
You have not taken this quiz